The automotive drive trains and chassis unit (Record no. 2516)

MARC details
000 -LEADER
fixed length control field 00543nam a22001817a 4500
003 - CONTROL NUMBER IDENTIFIER
control field URS
005 - DATE AND TIME OF LATEST TRANSACTION
control field 20220114142153.0
008 - FIXED-LENGTH DATA ELEMENTS--GENERAL INFORMATION
fixed length control field 190221s2000 ph a|||| |||| 00| 0 eng d
020 ## - INTERNATIONAL STANDARD BOOK NUMBER
International Standard Book Number 9710860395
040 ## - CATALOGING SOURCE
Transcribing agency URS
Language of cataloging eng
Modifying agency rda
050 14 - LIBRARY OF CONGRESS CALL NUMBER
Classification number TL 260
Item number .F8197 2000
100 ## - MAIN ENTRY--PERSONAL NAME
Personal name Francisco, Felizardo Y.
245 14 - TITLE STATEMENT
Title The automotive drive trains and chassis unit
Statement of responsibility, etc. Felizardo Y. Francisco
260 ## - PUBLICATION, DISTRIBUTION, ETC.
Place of publication, distribution, etc. Mandaluyung City:
Name of publisher, distributor, etc. National Book Store;
Date of publication, distribution, etc. [2000]
300 ## - PHYSICAL DESCRIPTION
Extent xi, 186 pages:
Other physical details with Illustrations;
Dimensions 22 cm.
650 ## - SUBJECT ADDED ENTRY--TOPICAL TERM
Topical term or geographic name entry element Automotive
942 ## - ADDED ENTRY ELEMENTS (KOHA)
Source of classification or shelving scheme Library of Congress Classification
Koha item type Filipiniana
Holdings
Withdrawn status Source of classification or shelving scheme Damaged status Not for loan Collection code Home library Current library Shelving location Date acquired Total Checkouts Full call number Barcode Date last seen Price effective from Koha item type
  Library of Congress Classification     Non-fiction Cainta College Library Cainta College Library On Display 06/13/2018   TL 260.F8197 2000 URSCAI-1743 06/13/2018 06/13/2018 Filipiniana
  Library of Congress Classification     Non-fiction Cainta College Library Cainta College Library On Display 06/13/2018   TL 260.F8197 2000 URSCAI-1344 06/13/2018 06/13/2018 Filipiniana

University of Rizal System
Email us at univlibservices@urs.edu.ph

Visit our Website www.urs.edu.ph/library